| 000 | 00753nam a2200205Ia 4500 | ||
|---|---|---|---|
| 001 | 14765 | ||
| 003 | GE_BSU | ||
| 008 | 181216s||||||||xx |||||||||||||| ||und|| | ||
| 040 | _cGE_BSU | ||
| 080 | _a640.4(035.5) | ||
| 245 | _aСправочник руководителя предприятия общественного питания. | ||
| 245 | _cСост. А.Ф.Юрченко, Е.В.Зенчева, под редю А.Н.Ершова. Ред. Н.Н.Ставицкая. | ||
| 260 | _aМ. | ||
| 260 | _bЭкономика. | ||
| 260 | _c1970. | ||
| 300 | _a631 стр. 22 см. | ||
| 300 | _eТабл. | ||
| 653 | _aСправочник руководителя предприятия общественного питания. | ||
| 942 | _cBK | ||
| 999 |
_c47888 _d47888 |
||